000 01365cam a2200133 4500500
005 20260329023210.0
041 _afre
042 _adc
100 1 0 _aLejeune, Dominique
_eauthor
245 0 0 _aLa France des Trente Glorieuses : 1945-1974
260 _bArmand Colin,
_c2015.
520 _aAvec les Trente Glorieuses (1945-1974), la France entre dans l’ « ère de la consommation de masse », de la fameuse croissance et de la « société d’abondance ». Si Jean Fourastié a écrit, en définissant en 1979 la période, « ces trente années sont glorieuses », ce manuel démontre que son point de vue est beaucoup plus nuancé qu’on ne l’a généralement dit. Car ces Trente Glorieuses ne l’ont pas été pour tous, en particulier les personnes âgées, travailleurs immigrés ou handicapés. L’auteur nous livre une synthèse sur la société de ces années, où l’État-providence ne peut empêcher les inégalités sociales et les transformations environnementales déjà décriées par les écologistes. Le temps de la France de la IVe et de la Ve République, celle du capitalisme, de la décolonisation et de la Françafrique, sera brutalement clos par la grande dépression de la fin du siècle dernier.
856 4 1 _uhttps://shs.cairn.info/la-france-des-trente-glorieuses--9782200291235?lang=fr&redirect-ssocas=7080
999 _c1925423
_d1925423